Statistics for Mexican States in 1824 Map Quiz

Click here to take the quiz!

General Stats

  • This quiz has been taken 208 times
    (207 since last reset)
  • The average score is 18 of 24

Answers on the Map

Answers color-coded by a green-red scale on the quiz's map according to % correct below.
Loading ...
 

Answer Stats

Answer% Correct
Baja California
95%
Alta California
94%
Yucatán
91%
Coahuila y Texas
87%
Veracruz
85%
Sonora y Sinaloa
80%
Chiapas
80%
Chihuahua
80%
Oaxaca
79%
Tabasco
78%
Santa Fe de Nuevo México
75%
Jalisco
74%
Tamaulipas
72%
Colima
72%
México
72%
Durango
70%
Nuevo León
69%
San Luis Potosí
67%
Michoacán
66%
Puebla
66%
Tlaxcala
62%
Zacatecas
58%
Guanajuato
53%
Querétaro
53%

Score Distribution

Percentile by Number Answered

Percent of People with Each Score

Your Score History

You have not taken this quiz since the last reset